[Event "AUS-ch U18"]
[Site "Mooroolbark"]
[Date "2011.01.22"]
[Round "8"]
[White "Liu, Yi"]
[Black "Yuan, Yi"]
[Result "0-1"]
[WhiteElo "1886"]
[BlackElo "2105"]
[PlyCount "82"]
[EventDate "2011.01.15"]
[EventType "swiss"]
[EventRounds "9"]
[EventCountry "AUS"]
[SourceTitle "EXT 2013"]
[Source "ChessBase"]
[SourceDate "2012.11.22"]
[SourceVersion "1"]
[SourceVersionDate "2012.11.22"]
[SourceQuality "1"]

1. d4 Nf6 2. Nf3 g6 3. c4 Bg7 4. Nc3 0-0 5. e4 d6 6. Be2 e5 7. 0-0 Nc6 8. d5 Ne7 9. Ne1 Ne8 10. Nd3 f5 11. Bd2 Nf6 12. f3 f4 13. c5 g5 14. Rc1 Ng6 15. Nb5 Rf7 16. Ba5 b6 17. cxb6 axb6 18. Be1 g4 19. Qc2 Bd7 20. Nb4 gxf3 21. Rxf3 Ng4 22. Qxc7 Qg5 23. Nxd6 Raf8 24. Nxf7 Rxf7 25. Nc6 Bf6 26. Bc4 Ne3 27. Rxe3 f3 28. Rc2 Qxe3+ 29. Bf2 Qxe4 30. Nb4 Qg4 31. g3 Nf4 32. d6 Qh3 33. Bxf7+ Kg7 34. Be1 Ne2+ 35. Rxe2 fxe2 36. Kf2 Qf1+ 37. Ke3 Bg5+ 38. Ke4 Qf5+ 39. Kd5 Qf3+ 40. Kc4 b5+ 41. Kc5 Be3# 0-1

[Event "AUS-ch U18"]
[Site "Mooroolbark"]
[Date "2011.01.21"]
[Round "7"]
[White "Feng, Thomas"]
[Black "Yuan, Yi"]
[Result "0-1"]
[WhiteElo "1661"]
[BlackElo "2105"]
[PlyCount "84"]
[EventDate "2011.01.15"]
[EventType "swiss"]
[EventRounds "9"]
[EventCountry "AUS"]
[SourceTitle "EXT 2013"]
[Source "ChessBase"]
[SourceDate "2012.11.22"]
[SourceVersion "1"]
[SourceVersionDate "2012.11.22"]
[SourceQuality "1"]

1. d4 Nf6 2. c4 g6 3. Nc3 Bg7 4. e4 0-0 5. Be2 d6 6. Be3 Nbd7 7. Qc2 c5 8. d5 a6 9. Nf3 e6 10. a4 exd5 11. cxd5 Qc7 12. Nd2 Re8 13. 0-0 b6 14. f4 Rb8 15. g4 Bb7 16. Nc4 Nxe4 17. Nxe4 Bxd5 18. Ncxd6 Bxe4 19. Nxe4 f5 20. Qc4+ Kh8 21. Ng5 h6 22. Nf7+ Kh7 23. gxf5 Rxe3 24. fxg6+ Kxg6 25. Ne5+ Nxe5 26. Qc2+ Kf7 27. fxe5+ Kg8 28. Bc4+ Kh8 29. Rf7 Qxe5 30. Raf1 Re4 31. b3 b5 32. axb5 axb5 33. Bd3 Rg4+ 34. Kh1 Qd5+ 35. R1f3 Re8 36. Be2 Qg5 37. Rg3 Rxg3 38. hxg3 Qxg3 39. Bxb5 Re1+ 40. Bf1 Qh3+ 41. Kg1 Bd4+ 42. Rf2 Rxf1# 0-1

[Event "AUS-ch U18"]
[Site "Mooroolbark"]
[Date "2011.01.20"]
[Round "6"]
[White "Yuan, Yi"]
[Black "Cheng, Bobby Sky"]
[Result "1/2-1/2"]
[WhiteElo "2105"]
[BlackElo "2207"]
[PlyCount "50"]
[EventDate "2011.01.15"]
[EventType "swiss"]
[EventRounds "9"]
[EventCountry "AUS"]
[SourceTitle "EXT 2013"]
[Source "ChessBase"]
[SourceDate "2012.11.22"]
[SourceVersion "1"]
[SourceVersionDate "2012.11.22"]
[SourceQuality "1"]

1. e4 c5 2. c3 e6 3. d4 d5 4. exd5 exd5 5. Bd3 Nc6 6. Nf3 Bd6 7. 0-0 Nge7 8. dxc5 Bxc5 9. Bg5 0-0 10. b4 Bd6 11. b5 Ne5 12. Nxe5 Bxe5 13. f4 Bd6 14. Qh5 Qb6+ 15. Kh1 Bf5 16. Bxf5 Nxf5 17. Nd2 f6 18. Bh4 Nxh4 19. Qxh4 Qxb5 20. Nf3 Qb4 21. Nd4 Qxc3 22. Rad1 Bc5 23. Ne6 Rfc8 24. Rc1 Qa3 25. Qh5 b6 1/2-1/2

[Event "Sydney op"]
[Site "Parramatta"]
[Date "2010.04.09"]
[Round "6"]
[White "Yuan, Yi"]
[Black "Shaw, Robin A"]
[Result "0-1"]
[WhiteElo "2151"]
[BlackElo "1879"]
[PlyCount "74"]
[EventDate "2010.04.07"]
[EventType "swiss"]
[EventRounds "9"]
[EventCountry "AUS"]
[SourceTitle "CBM 135 Extra"]
[Source "ChessBase"]
[SourceDate "2010.05.04"]
[SourceVersion "1"]
[SourceVersionDate "2010.05.04"]
[SourceQuality "1"]

1. e4 g6 2. d4 Bg7 3. Nc3 d6 4. Nf3 a6 5. Be3 b5 6. Qd2 Bb7 7. Bd3 Nd7 8. 0-0-0 c5 9. dxc5 Nxc5 10. Kb1 Nxd3 11. Qxd3 Rc8 12. Bd4 Bxd4 13. Qxd4 Nf6 14. Rhe1 0-0 15. e5 Bxf3 16. exf6 e5 17. Qh4 Bxd1 18. Rxd1 Rc4 19. g4 h5 20. Rg1 d5 21. h3 Rf4 22. Qg3 h4 23. Qe3 Re8 24. Qd3 Rxf6 25. Rd1 Rf4 26. Qe2 Rd4 27. Rg1 Qg5 28. Qf3 e4 29. Qg2 Rd2 30. Qf1 d4 31. Ne2 d3 32. cxd3 exd3 33. Nc3 b4 34. f4 Qc5 35. Na4 Qc2+ 36. Ka1 Qxa4 37. f5 Qc2 0-1

[Event "Sydney op"]
[Site "Parramatta"]
[Date "2010.04.07"]
[Round "2"]
[White "Yuan, Yi"]
[Black "Xie, George Wendi"]
[Result "0-1"]
[WhiteElo "2151"]
[BlackElo "2470"]
[PlyCount "94"]
[EventDate "2010.04.07"]
[EventType "swiss"]
[EventRounds "9"]
[EventCountry "AUS"]
[SourceTitle "CBM 135 Extra"]
[Source "ChessBase"]
[SourceDate "2010.05.04"]
[SourceVersion "1"]
[SourceVersionDate "2010.05.04"]
[SourceQuality "1"]

1. e4 e6 2. Nf3 d5 3. Nc3 d4 4. Ne2 c5 5. c3 Nc6 6. cxd4 Nf6 7. e5 Nd7 8. dxc5 Ndxe5 9. Nxe5 Nxe5 10. d4 Bxc5 11. Be3 Bb4+ 12. Nc3 Nc6 13. Bd3 Qa5 14. 0-0 0-0 15. Ne4 Be7 16. Nd2 Rd8 17. Nb3 Qd5 18. Qe2 b6 19. Bc4 Qd7 20. Rad1 Nb4 21. a3 Nd5 22. Nd2 Bb7 23. Nf3 Bd6 24. Bg5 Rf8 25. Ba2 h6 26. Be3 Rac8 27. Qd2 Qc7 28. Rc1 Qb8 29. h3 Nf4 30. Rxc8 Rxc8 31. Bxf4 Bxf4 32. Qd3 Qa8 33. Bb1 Bxf3 34. gxf3 g6 35. Ba2 Qc6 36. d5 exd5 37. Bxd5 Qf6 38. Kh1 Be5 39. Rg1 Kg7 40. b3 Qf4 41. Rg3 Rc3 42. Qb5 Qd4 43. f4 Qxf4 44. Qd7 Rxg3 45. fxg3 Qf1+ 46. Kh2 Qf2+ 47. Kh1 Bxg3 0-1

[Event "AUS-ch U18"]
[Site "Sandy Bay"]
[Date "2010.01.24"]
[Round "10"]
[White "Yuan, Yi"]
[Black "Chen, Pengyu"]
[Result "1-0"]
[WhiteElo "2128"]
[BlackElo "1721"]
[PlyCount "67"]
[EventDate "2010.01.14"]
[EventType "swiss"]
[EventRounds "11"]
[EventCountry "AUS"]
[SourceTitle "EXT 2011"]
[Source "ChessBase"]
[SourceDate "2010.11.26"]
[SourceVersion "1"]
[SourceVersionDate "2010.11.26"]
[SourceQuality "1"]

1. e4 c5 2. c3 g6 3. d4 cxd4 4. cxd4 d5 5. e5 Bg7 6. Nc3 Nc6 7. Bb5 f6 8. exf6 exf6 9. Nge2 Be6 10. 0-0 Nge7 11. Ng3 0-0 12. Re1 Bf7 13. Be3 Rc8 14. Rc1 a6 15. Bd3 b5 16. Qd2 Qb6 17. Bb1 Rcd8 18. h4 Nc8 19. h5 Nd6 20. hxg6 hxg6 21. b3 f5 22. Nce2 a5 23. Red1 a4 24. Bh6 Ne4 25. Bxe4 dxe4 26. Bxg7 Kxg7 27. Qg5 Kh7 28. Qf6 Bd5 29. Qh4+ Kg7 30. Nf4 Nxd4 31. Rxd4 Qxd4 32. Rc7+ Rf7 33. Nfh5+ gxh5 34. Nxh5+ 1-0

[Event "AUS-ch U18"]
[Site "Sandy Bay"]
[Date "2010.01.23"]
[Round "9"]
[White "Yuan, Yi"]
[Black "Schon, Eugene"]
[Result "0-1"]
[WhiteElo "2128"]
[BlackElo "2107"]
[PlyCount "66"]
[EventDate "2010.01.14"]
[EventType "swiss"]
[EventRounds "11"]
[EventCountry "AUS"]
[SourceTitle "EXT 2011"]
[Source "ChessBase"]
[SourceDate "2010.11.26"]
[SourceVersion "1"]
[SourceVersionDate "2010.11.26"]
[SourceQuality "1"]

1. e4 e6 2. Nf3 d5 3. Nc3 Nf6 4. e5 Nfd7 5. d4 c5 6. dxc5 Nc6 7. Bf4 Nxc5 8. Be2 Be7 9. 0-0 a6 10. Nd4 Nd7 11. Nf3 0-0 12. Bd3 f6 13. exf6 Rxf6 14. Bg3 Nc5 15. Qe2 Nxd3 16. cxd3 Bd7 17. Rae1 Rf5 18. Ne5 Nxe5 19. Bxe5 Bf6 20. Bxf6 Qxf6 21. Nd1 Qg6 22. f4 Raf8 23. Qe3 Qf7 24. g3 e5 25. Qc5 exf4 26. Re7 Qh5 27. Qc3 R5f6 28. Re5 Qh6 29. g4 Bxg4 30. Rxd5 Rg6 31. Qc4 Be6+ 32. Kh1 Qh3 33. Rf2 Qg4 0-1

[Event "AUS-ch U18"]
[Site "Sandy Bay"]
[Date "2010.01.21"]
[Round "8"]
[White "Cheng, Bobby Sky"]
[Black "Yuan, Yi"]
[Result "1-0"]
[WhiteElo "2193"]
[BlackElo "2128"]
[PlyCount "73"]
[EventDate "2010.01.14"]
[EventType "swiss"]
[EventRounds "11"]
[EventCountry "AUS"]
[SourceTitle "EXT 2011"]
[Source "ChessBase"]
[SourceDate "2010.11.26"]
[SourceVersion "1"]
[SourceVersionDate "2010.11.26"]
[SourceQuality "1"]

1. d4 Nf6 2. c4 g6 3. Nc3 Bg7 4. e4 d6 5. Nf3 0-0 6. Be2 Bg4 7. Be3 Nfd7 8. Ng1 Bxe2 9. Ngxe2 c5 10. 0-0 Nc6 11. d5 Na5 12. b3 a6 13. Rc1 Rb8 14. a4 Nf6 15. Rb1 Qc7 16. Qd3 Rfc8 17. f3 b6 18. g4 Nd7 19. h3 Ne5 20. Qc2 Nexc4 21. bxc4 Nxc4 22. Bc1 Qd7 23. Nd1 b5 24. axb5 axb5 25. Ne3 Qa7 26. Nxc4 bxc4 27. Rxb8 Rxb8 28. Qxc4 Rb4 29. Qc2 Qa3 30. h4 c4 31. h5 Qa1 32. h6 Be5 33. Bd2 Qa7+ 34. Kg2 Rb2 35. Qxc4 Qc5 36. Qa4 Bg7 37. Rc1 1-0

[Event "AUS-ch U18"]
[Site "Sandy Bay"]
[Date "2010.01.20"]
[Round "7"]
[White "Milton, Anthony W"]
[Black "Yuan, Yi"]
[Result "0-1"]
[WhiteElo "1730"]
[BlackElo "2128"]
[PlyCount "80"]
[EventDate "2010.01.14"]
[EventType "swiss"]
[EventRounds "11"]
[EventCountry "AUS"]
[SourceTitle "EXT 2011"]
[Source "ChessBase"]
[SourceDate "2010.11.26"]
[SourceVersion "1"]
[SourceVersionDate "2010.11.26"]
[SourceQuality "1"]

1. d4 Nf6 2. c4 g6 3. Nc3 Bg7 4. e4 d6 5. Nf3 0-0 6. Be2 e5 7. 0-0 Nc6 8. d5 Ne7 9. Ne1 Nd7 10. Be3 f5 11. f3 f4 12. Bf2 g5 13. Rc1 Ng6 14. b4 Nf6 15. c5 Rf7 16. cxd6 cxd6 17. b5 h5 18. b6 a6 19. h3 Bh6 20. Rc2 Bd7 21. Nd3 Rg7 22. Nb4 g4 23. fxg4 hxg4 24. hxg4 f3 25. Bxf3 Nf4 26. Nd3 Nxg4 27. Nxf4 Nxf2 28. Rfxf2 Bxf4 29. Kf1 Rc8 30. Ke2 Qxb6 31. Qd3 Bg3 32. Rf1 Qd4 33. a4 b5 34. Rcc1 bxa4 35. Bh5 Rxc3 36. Qxc3 Bb5+ 37. Kf3 Qxc3+ 38. Rxc3 Bxf1 39. Bg4 Bf4 40. Be6+ Kf8 0-1

[Event "AUS-ch U18"]
[Site "Sandy Bay"]
[Date "2010.01.16"]
[Round "4"]
[White "Brown, Andrew"]
[Black "Yuan, Yi"]
[Result "1-0"]
[WhiteElo "1991"]
[BlackElo "2128"]
[PlyCount "99"]
[EventDate "2010.01.14"]
[EventType "swiss"]
[EventRounds "11"]
[EventCountry "AUS"]
[SourceTitle "EXT 2011"]
[Source "ChessBase"]
[SourceDate "2010.11.26"]
[SourceVersion "1"]
[SourceVersionDate "2010.11.26"]
[SourceQuality "1"]

1. d4 Nf6 2. c4 g6 3. Nc3 Bg7 4. e4 d6 5. f4 0-0 6. Nf3 Na6 7. Bd3 e5 8. fxe5 dxe5 9. d5 Ne8 10. Bg5 f6 11. Be3 c6 12. a3 cxd5 13. cxd5 Nd6 14. 0-0 Bd7 15. Qe2 Nc7 16. Bc5 Nce8 17. a4 a6 18. a5 Rc8 19. b4 Qe7 20. Na4 Bxa4 21. Rxa4 f5 22. Nd2 Qd7 23. Raa1 Rf7 24. Bc2 Nb5 25. Bb3 Ned6 26. Nc4 Nxc4 27. Qxc4 Nd6 28. Qe2 Kh8 29. Ba4 Qd8 30. exf5 Rxf5 31. g4 Rf4 32. Rxf4 exf4 33. Re1 Qf6 34. Qe6 Qc3 35. Rf1 Bd4+ 36. Kh1 Bxc5 37. bxc5 Qxc5 38. Qe5+ Kg8 39. Bd7 Nf7 40. Be6 Qc7 41. d6 Qc6+ 42. Kg1 Kf8 43. Qxf4 Qc5+ 44. Qf2 Qxf2+ 45. Rxf2 Rc1+ 46. Kg2 Ke8 47. d7+ Kd8 48. Rxf7 Rd1 49. Rf8+ Kc7 50. Rc8+ 1-0

[Event "AUS-ch"]
[Site "Sydney"]
[Date "2010.01.11"]
[Round "9"]
[White "Yuan, Yi"]
[Black "Feldman, Vladimir"]
[Result "1/2-1/2"]
[WhiteElo "2129"]
[BlackElo "2271"]
[PlyCount "85"]
[EventDate "2010.01.02"]
[EventType "swiss"]
[EventRounds "11"]
[EventCountry "AUS"]
[SourceTitle "CBM 134 Extra"]
[Source "ChessBase"]
[SourceDate "2010.03.03"]
[SourceVersion "1"]
[SourceVersionDate "2010.03.03"]
[SourceQuality "1"]

1. e4 c5 2. c3 d6 3. d4 Nf6 4. Bd3 Qc7 5. Ne2 g6 6. h3 Bg7 7. Be3 0-0 8. 0-0 b6 9. Nd2 Bb7 10. d5 Nbd7 11. c4 Ne5 12. Bc2 Ba6 13. b3 b5 14. f4 Ned7 15. Rb1 e6 16. Bd3 exd5 17. cxd5 Rfe8 18. a4 Nxd5 19. Bf2 Nb4 20. Bxb5 Bxb5 21. axb5 Nf6 22. Ng3 h5 23. Qf3 Rab8 24. Rfe1 Nc2 25. Rec1 Na3 26. Ra1 Nxb5 27. e5 Nd7 28. exd6 Qxd6 29. Nc4 Qc7 30. Ra6 Bd4 31. Bxd4 Nxd4 32. Qd5 Nf8 33. Nd6 Nfe6 34. Nxe8 Qxf4 35. Rf1 Qe3+ 36. Kh2 Rxe8 37. Qe4 Qxb3 38. Rxa7 Rf8 39. Qb7 Qxb7 40. Rxb7 f5 41. Re7 Rf7 42. Re8+ Rf8 43. Re7 1/2-1/2

[Event "AUS-ch"]
[Site "Sydney"]
[Date "2010.01.10"]
[Round "8"]
[White "Nakauchi, Gene"]
[Black "Yuan, Yi"]
[Result "0-1"]
[WhiteElo "2081"]
[BlackElo "2129"]
[PlyCount "146"]
[EventDate "2010.01.02"]
[EventType "swiss"]
[EventRounds "11"]
[EventCountry "AUS"]
[SourceTitle "CBM 134 Extra"]
[Source "ChessBase"]
[SourceDate "2010.03.03"]
[SourceVersion "1"]
[SourceVersionDate "2010.03.03"]
[SourceQuality "1"]

1. d4 Nf6 2. c4 g6 3. g3 Bg7 4. Bg2 d6 5. Nf3 0-0 6. 0-0 Nbd7 7. Nc3 e5 8. e4 c6 9. h3 Qb6 10. c5 dxc5 11. dxe5 Ne8 12. e6 fxe6 13. Ng5 Ne5 14. f4 Nf7 15. Nxf7 Bd4+ 16. Kh2 Rxf7 17. e5 Nc7 18. Ne4 Nd5 19. Nd6 Rg7 20. h4 Bd7 21. Be4 Rf8 22. a4 a5 23. Ra3 Qc7 24. h5 Be8 25. h6 Rd7 26. Qg4 Rxd6 27. exd6 Qxd6 28. Bg2 Bd7 29. Bh3 b6 30. Qe2 Ra8 31. Re1 Kf7 32. Rf3 b5 33. Kh1 Re8 34. g4 Qe7 35. Kg2 Qd6 36. Qd2 b4 37. Qd3 Nf6 38. Be3 e5 39. fxe5 Rxe5 40. Bxd4 cxd4 41. Ref1 Qd5 42. Kh2 Ke7 43. Rxf6 Re3 44. Rf7+ Kd6 45. Qd2 Qe5+ 46. Kg1 Rxh3 47. Qf4 Bxg4 48. Rxh7 d3 49. Rh8 Qxf4 50. Rxf4 Bf5 51. h7 Kc5 52. Kg2 Rh5 53. b3 Be6 54. Kg3 d2 55. Rd8 Bd5 56. Rf1 Rxh7 57. Rxd5+ Kxd5 58. Rd1 Kd4 59. Rxd2+ Kc3 60. Rd6 Kxb3 61. Rxc6 Kxa4 62. Rb6 Ka3 63. Kf3 Re7 64. Rxg6 a4 65. Rb6 b3 66. Rb5 b2 67. Rb6 Ka2 68. Rb4 b1Q 69. Rxa4+ Kb3 70. Rf4 Qf1+ 71. Kg4 Rg7+ 72. Kf5 Rf7+ 73. Kg6 Rxf4 0-1

[Event "AUS-ch"]
[Site "Sydney"]
[Date "2010.01.09"]
[Round "7"]
[White "Yuan, Yi"]
[Black "Illingworth, Max"]
[Result "0-1"]
[WhiteElo "2129"]
[BlackElo "2248"]
[PlyCount "82"]
[EventDate "2010.01.02"]
[EventType "swiss"]
[EventRounds "11"]
[EventCountry "AUS"]
[SourceTitle "CBM 134 Extra"]
[Source "ChessBase"]
[SourceDate "2010.03.03"]
[SourceVersion "1"]
[SourceVersionDate "2010.03.03"]
[SourceQuality "1"]

1. e4 c6 2. d4 d5 3. Nc3 dxe4 4. Nxe4 Nd7 5. Bc4 Ngf6 6. Ng5 e6 7. Qe2 Nb6 8. Bd3 h6 9. N5f3 c5 10. dxc5 Bxc5 11. Ne5 Nbd7 12. Ngf3 Qc7 13. 0-0 0-0 14. Bf4 Bd6 15. Rfe1 Nxe5 16. Nxe5 b6 17. Qf3 Nd5 18. Bg3 Bb7 19. Qh5 Rad8 20. a3 Rfe8 21. Rad1 a6 22. c3 b5 23. Bc2 Kf8 24. Kh1 Qe7 25. f4 Nf6 26. Qe2 Bd5 27. Bh4 Qb7 28. Bxf6 gxf6 29. Ng4 Kg7 30. Qf2 Rg8 31. Rxd5 Qxd5 32. Qh4 Kf8 33. Qxh6+ Ke7 34. Qxf6+ Ke8 35. Be4 Qc4 36. Nh6 Rf8 37. Bc6+ Qxc6 38. Rxe6+ Kd7 39. Nxf7 Kc7 40. Qg7 Qd7 41. Rxd6 Qxf7 0-1

[Event "Wch U14"]
[Site "Kemer"]
[Date "2009.11.20"]
[Round "9"]
[White "Yuan, Yi"]
[Black "Bok, Benjamin"]
[Result "0-1"]
[WhiteElo "2097"]
[BlackElo "2337"]
[PlyCount "88"]
[EventDate "2009.11.12"]
[EventType "swiss"]
[EventRounds "11"]
[EventCountry "TUR"]
[SourceTitle "EXT 2010"]
[Source "ChessBase"]
[SourceDate "2010.11.25"]
[SourceVersion "1"]
[SourceVersionDate "2010.11.25"]
[SourceQuality "1"]

1. e4 e5 2. Nf3 Nc6 3. d4 exd4 4. Bc4 Nf6 5. e5 d5 6. Bb5 Ne4 7. Nxd4 Bd7 8. Bxc6 bxc6 9. 0-0 Bc5 10. f3 Ng5 11. f4 Ne4 12. Be3 Qb8 13. Nd2 Qxb2 14. Rb1 Bxd4 15. Rxb2 Bxe3+ 16. Kh1 Nxd2 17. e6 Bxe6 18. Re1 Ne4 19. c4 d4 20. Qf3 f5 21. Qh5+ g6 22. Qh6 Kf7 23. h3 Nf2+ 24. Kh2 Nd3 25. Rxe3 Nxb2 26. Rxe6 Kxe6 27. Qg7 Nxc4 28. Qxd4 Nd6 29. Qe5+ Kf7 30. Qc5 Rhe8 31. Qxc6 Rac8 32. Qc5 Kg8 33. Qxa7 c5 34. a4 c4 35. Qd4 Red8 36. Qc3 Nf7 37. a5 Rd3 38. Qc1 c3 39. a6 Rd6 40. Qa3 c2 41. a7 Rdd8 42. Qc1 Rc5 43. g4 Ra8 44. g5 Rxa7 0-1

[Event "Wch U14"]
[Site "Kemer"]
[Date "2009.11.18"]
[Round "7"]
[White "Yuan, Yi"]
[Black "Cori, Jorge Moise"]
[Result "0-1"]
[WhiteElo "2097"]
[BlackElo "2418"]
[PlyCount "82"]
[EventDate "2009.11.12"]
[EventType "swiss"]
[EventRounds "11"]
[EventCountry "TUR"]
[SourceTitle "EXT 2010"]
[Source "ChessBase"]
[SourceDate "2010.11.25"]
[SourceVersion "1"]
[SourceVersionDate "2010.11.25"]
[SourceQuality "1"]

1. e4 e5 2. Nf3 Nc6 3. d4 exd4 4. Bc4 Nf6 5. 0-0 Be7 6. e5 Ne4 7. Nxd4 d5 8. Bb5 Bd7 9. Bxc6 bxc6 10. f3 Ng5 11. f4 Ne4 12. Nc3 Nxc3 13. bxc3 Qc8 14. Be3 0-0 15. Qe1 c5 16. Nb3 c4 17. Nd4 c5 18. Ne2 f6 19. Qg3 Bf5 20. Rac1 Rb8 21. Qe1 fxe5 22. fxe5 Qe6 23. Bd2 Be4 24. Qg3 Rxf1+ 25. Rxf1 Rf8 26. Rxf8+ Bxf8 27. Qg5 Be7 28. Qg3 Bf8 29. Qg5 Qe7 30. Ng3 Qxg5 31. Bxg5 Bxc2 32. e6 Bd6 33. Kf2 h6 34. Bd8 Kf8 35. Nh5 Ke8 36. Bh4 Be5 37. Bg3 Bxc3 38. Bd6 Bd4+ 39. Ke2 Bd3+ 40. Kd2 Be4 41. Ng3 c3+ 0-1

[Event "Wch U14"]
[Site "Kemer"]
[Date "2009.11.16"]
[Round "6"]
[White "Yuan, Yi"]
[Black "Tejas, Ravichandran"]
[Result "1-0"]
[WhiteElo "2097"]
[BlackElo "2203"]
[PlyCount "89"]
[EventDate "2009.11.12"]
[EventType "swiss"]
[EventRounds "11"]
[EventCountry "TUR"]
[SourceTitle "EXT 2010"]
[Source "ChessBase"]
[SourceDate "2010.11.25"]
[SourceVersion "1"]
[SourceVersionDate "2010.11.25"]
[SourceQuality "1"]

1. e4 e6 2. Nf3 d5 3. Nc3 Nf6 4. e5 Nfd7 5. d4 c5 6. dxc5 Bxc5 7. Bd3 Nc6 8. Bf4 Be7 9. h4 a6 10. Bg3 d4 11. Ne2 Ndxe5 12. Nexd4 Nxd3+ 13. Qxd3 Qa5+ 14. Qd2 Nxd4 15. Qxa5 Bb4+ 16. Kd1 Bxa5 17. Nxd4 b5 18. a4 Bb6 19. Nb3 Bb7 20. a5 Ba7 21. f3 Rc8 22. Rf1 Ke7 23. Bf2 Rhd8+ 24. Kc1 Bxf2 25. Rxf2 Rc4 26. g3 f6 27. Nd2 Rc5 28. b4 Rc3 29. Kb2 Rdc8 30. Nb3 Rxf3 31. Rxf3 Bxf3 32. Nc5 Rc6 33. Rf1 Bd5 34. g4 e5 35. g5 fxg5 36. hxg5 Kd6 37. Rf8 Rxc5 38. bxc5+ Kxc5 39. Rh8 Be4 40. c3 b4 41. Rc8+ Kb5 42. Rb8+ Kxa5 43. cxb4+ Ka4 44. Kc3 a5 45. Rb6 1-0

[Event "Wch U14"]
[Site "Kemer"]
[Date "2009.11.13"]
[Round "3"]
[White "Yuan, Yi"]
[Black "Grigoryan, Karen H"]
[Result "1/2-1/2"]
[WhiteElo "2097"]
[BlackElo "2211"]
[PlyCount "74"]
[EventDate "2009.11.12"]
[EventType "swiss"]
[EventRounds "11"]
[EventCountry "TUR"]
[SourceTitle "EXT 2010"]
[Source "ChessBase"]
[SourceDate "2010.11.25"]
[SourceVersion "1"]
[SourceVersionDate "2010.11.25"]
[SourceQuality "1"]

1. e4 c5 2. c3 Nf6 3. e5 Nd5 4. d4 cxd4 5. Nf3 e6 6. cxd4 b6 7. Bc4 Ba6 8. Nbd2 Qc8 9. Qb3 Nc6 10. Bxa6 Qxa6 11. Qc4 Qxc4 12. Nxc4 Rc8 13. Ne3 Ncb4 14. 0-0 Nf4 15. Bd2 Rc6 16. Rfd1 Be7 17. Bxb4 Bxb4 18. a3 Be7 19. d5 exd5 20. Nxd5 Nxd5 21. Rxd5 d6 22. Re1 dxe5 23. Rdxe5 Rc7 24. Nd4 f6 25. Re6 Kf7 26. Nf5 Bf8 27. Re8 Rg8 28. Rd8 Rc2 29. g4 Bc5 30. Rd7+ Kg6 31. Ne7+ Bxe7 32. Rexe7 a5 33. b3 Rc3 34. Re3 Rxe3 35. fxe3 Rc8 36. Rb7 Rc3 37. Rxb6 Rxe3 1/2-1/2

[Event "Wch U14"]
[Site "Kemer"]
[Date "2009.11.12"]
[Round "1"]
[White "Yuan, Yi"]
[Black "Karlsson, Mikael Johann"]
[Result "1-0"]
[WhiteElo "2097"]
[BlackElo "1703"]
[PlyCount "65"]
[EventDate "2009.11.12"]
[EventType "swiss"]
[EventRounds "11"]
[EventCountry "TUR"]
[SourceTitle "EXT 2010"]
[Source "ChessBase"]
[SourceDate "2010.11.25"]
[SourceVersion "1"]
[SourceVersionDate "2010.11.25"]
[SourceQuality "1"]

1. e4 c5 2. c3 Nf6 3. e5 Nd5 4. Na3 b6 5. Nf3 Bb7 6. d4 e6 7. Bd3 cxd4 8. cxd4 d6 9. 0-0 Nc6 10. Nc4 Ncb4 11. Bb1 Rc8 12. Nxd6+ Bxd6 13. exd6 Qxd6 14. a3 Nc6 15. Be3 Na5 16. Ne5 0-0 17. Qd3 f5 18. Ba2 Nc6 19. Nf3 Rf6 20. Rfe1 Rg6 21. Nh4 Rf6 22. Bg5 Rf7 23. Rad1 h6 24. Bc1 Nce7 25. Bd2 g5 26. Nf3 Ng6 27. Ne5 Nxe5 28. Rxe5 Rf6 29. Rde1 Kf7 30. Qh3 Kg6 31. g4 Rc2 32. Rxe6 fxg4 33. Qd3+ 1-0

[Event "Canberra ANU op"]
[Site "Canberra"]
[Date "2009.07.26"]
[Round "7"]
[White "Yuan, Yi"]
[Black "Grigg, Sam"]
[Result "1-0"]
[WhiteElo "2199"]
[BlackElo "1855"]
[PlyCount "75"]
[EventDate "2009.07.25"]
[EventType "swiss"]
[EventRounds "7"]
[EventCountry "AUS"]
[SourceTitle "EXT 2011"]
[Source "ChessBase"]
[SourceDate "2010.11.26"]
[SourceVersion "1"]
[SourceVersionDate "2010.11.26"]
[SourceQuality "1"]

1. e4 c5 2. c3 Nf6 3. e5 Nd5 4. Na3 Nc6 5. Nf3 d6 6. exd6 exd6 7. d4 Be7 8. Be2 0-0 9. 0-0 Bf5 10. Nc4 b5 11. Ne3 Nxe3 12. Bxe3 a6 13. a4 b4 14. d5 Ne5 15. Nxe5 dxe5 16. cxb4 cxb4 17. Rc1 Be4 18. Bc4 Bd6 19. f3 Bg6 20. Qe2 a5 21. b3 f5 22. Bb5 e4 23. f4 Be8 24. Bc6 Rc8 25. Qa6 Bxc6 26. Rxc6 Rxc6 27. Qxc6 g5 28. g3 gxf4 29. gxf4 Rf6 30. Qc4 Rg6+ 31. Kh1 Qh4 32. Qc8+ Kg7 33. Qxf5 Qe7 34. Bd4+ Kg8 35. Rc1 Qf7 36. Rc8+ Bf8 37. Qe5 Rg7 38. Bc5 1-0

[Event "Adelaide Freytag op"]
[Site "Adelaide"]
[Date "2009.07.04"]
[Round "1"]
[White "Yuan, Yi"]
[Black "Mdinaradze, Edgar"]
[Result "1-0"]
[WhiteElo "2199"]
[BlackElo "1853"]
[PlyCount "61"]
[EventDate "2009.07.04"]
[EventType "swiss"]
[EventRounds "7"]
[EventCountry "AUS"]
[SourceTitle "EXT 2023"]
[Source "ChessBase"]
[SourceDate "2022.10.05"]
[SourceVersion "1"]
[SourceVersionDate "2022.10.05"]
[SourceQuality "1"]

1. e4 d6 2. d4 Nf6 3. Nc3 g6 4. Nf3 Bg7 5. Be3 0-0 6. Qd2 Nbd7 7. 0-0-0 Ng4 8. Bg5 c6 9. h3 Ngf6 10. Bh6 Qc7 11. h4 e5 12. dxe5 Bxh6 13. Qxh6 Ng4 14. exd6 Nxh6 15. dxc7 Ng4 16. Rd2 Nc5 17. Nd4 Nf6 18. f3 Ne8 19. Bc4 Nxc7 20. b4 N5e6 21. Nxe6 Bxe6 22. Bxe6 Nxe6 23. Rd7 Rab8 24. e5 a5 25. Ne4 axb4 26. Kb1 c5 27. h5 g5 28. h6 Rfd8 29. Nf6+ Kh8 30. Rxf7 Nf8 31. Rg7 1-0

[Event "Oceania zt"]
[Site "Gold Coast"]
[Date "2009.06.26"]
[Round "9"]
[White "Jule, Sebastian"]
[Black "Yuan, Yi"]
[Result "0-1"]
[WhiteElo "1847"]
[BlackElo "2010"]
[PlyCount "64"]
[EventDate "2009.06.20"]
[EventType "swiss"]
[EventRounds "9"]
[EventCountry "AUS"]
[SourceTitle "CBM 130 Extra"]
[Source "ChessBase"]
[SourceDate "2009.07.02"]
[SourceVersion "2"]
[SourceVersionDate "2009.07.15"]
[SourceQuality "1"]

1. d4 Nf6 2. c4 g6 3. Nc3 Bg7 4. e4 d6 5. f4 0-0 6. Nf3 c5 7. dxc5 Qa5 8. Bd3 Qxc5 9. Qe2 Nc6 10. Be3 Qa5 11. 0-0 Bg4 12. Rac1 Nd7 13. Qf2 Bxf3 14. gxf3 Rac8 15. Bb1 Qh5 16. Ne2 Nc5 17. Rfd1 Rfd8 18. Kh1 Qh3 19. Nc3 b6 20. Nd5 a5 21. b3 Rb8 22. Bd3 Kf8 23. Be2 Nb4 24. Bf1 Qh5 25. Nxb6 Nxa2 26. Rc2 Nb4 27. Bxc5 Nxc2 28. Rd5 dxc5 29. Nd7+ Rxd7 30. Rxd7 Bd4 31. Ra7 Qg5 32. Bg2 Rxb3 0-1